The mortgage valuation muddle (Record no. 15077)

MARC details
000 -LEADER
fixed length control field 01129cab a2200229 4500
001 - CONTROL NUMBER
control field ABS40247
008 - FIXED-LENGTH DATA ELEMENTS--GENERAL INFORMATION
fixed length control field 090401t1989 xxu||||| |||| 00| 0 eng d
035 ## - SYSTEM CONTROL NUMBER
System control number (Sirsi) u22501
041 ## - LANGUAGE CODE
Language code of text/sound track or separate title eng
100 ## - MAIN ENTRY--PERSONAL NAME
Personal name Taylor, W.
245 #4 - TITLE STATEMENT
Title The mortgage valuation muddle
260 ## - PUBLICATION, DISTRIBUTION, ETC.
Date of publication, distribution, etc. 1989
350 ## - PRICE (NR) (BK AM CF MU VM SE) [OBSOLETE]
Price 0
490 ## - SERIES STATEMENT
Series statement Estates Gazette
Volume/sequential designation (8901) 7 January 1989, 26-80(2)
520 ## - SUMMARY, ETC.
Summary, etc. With reference to caselaw, the author reviews the current position with regard to mortgage valuations , considering issues raised by some of the rulings made, including the question of establishing contracts between valuers and lending institutions, valuer`s liability and the rule in Hedley Byrne . Concludes with a suggestion that the lender of money on residential mortgage security should be obliged to commission a survey at least to the RICS House Buyers Report and Valuation standard, and satisfy themselves that the borrower knows what he is buying.
650 ## - SUBJECT ADDED ENTRY--TOPICAL TERM
Topical term or geographic name entry element HARRIS V WYRE FOREST DC
650 ## - SUBJECT ADDED ENTRY--TOPICAL TERM
Topical term or geographic name entry element HEDLEY BYRNE V HELLER
650 ## - SUBJECT ADDED ENTRY--TOPICAL TERM
Topical term or geographic name entry element SMITH V ERIC S BUSH
690 ## - LOCAL SUBJECT ADDED ENTRY--TOPICAL TERM (OCLC, RLIN)
Topical term or geographic name as entry element Block management
9 (RLIN) 6220
942 ## - ADDED ENTRY ELEMENTS (KOHA)
Suppress in OPAC 0
948 ## - LOCAL PROCESSING INFORMATION (OCLC); SERIES PART DESIGNATOR (RLIN)
c (OCLC) 04/03/1997
Holdings
Withdrawn status Lost status Source of classification or shelving scheme Damaged status Not for loan Home library Current library Shelving location Date acquired Total Checkouts Full call number Barcode Date last seen Copy number Price effective from Koha item type
    Dewey Decimal Classification     London London Journal article 14/09/1999   ABS40247 22501-1001 06/08/2019 1 06/08/2019 Journal article